| 000 | 00554nam a22001817a 4500 | ||
|---|---|---|---|
| 999 |
_c21054 _d21054 |
||
| 003 | AR-CdUCM | ||
| 008 | 190726b ||||| |||| 00| 0 spa d | ||
| 040 |
_aMUNICIPALIDAD PROVINCIAL DEL CUSCO _cBIBLIOTECA MUNICIPAL DEL CUSCO |
||
| 082 |
_aES / 865.61 / _bP33 |
||
| 100 |
_aPaz Pinto, Tito _943851 |
||
| 245 |
_aEl Eden : _bpoemario / |
||
| 260 |
_aArequipa : _bTalleres de C. & O., _c2002. |
||
| 300 |
_a49 páginas ; _bilustraciones ; _c20 cm. |
||
| 650 |
_aPoemas _9929 |
||
| 650 |
_aLiteratura peruana _9169 |
||
| 942 |
_2ddc _cFOLLETOS |
||
| 945 | _azta | ||